Los elementos del periodismo / (Registro nro. 11300)

Detalles MARC
000 -LIDER
fixed length control field 00977nam a22003017a 4500
001 - NÚMERO DE CONTROL
Identificador de número de control 000466
003 - IDENTIFICACDOR DE NÚMERO DE CONTROL
control field DO-SdBNP
005 - DATE AND TIME OF LATEST TRANSACTION
control field 20171108105632.0
007 - CAMPOS FIJOS DE DESCRIPCIÓN FÍSICA
fixed length control field 000466
008 - ELEMENTOS DE LONGITUD FIJA
fixed length control field 160905b 2004 ck ||||| |||| 00| 0 spa d
020 ## - ISBN
International Standard Book Number 9587041550
040 ## - FUENTE DE CATALOGACIÓN
Agencia que crea de manera original el registro BPMSU
Idioma de catalogación spa
Agencia que realiza la transcripción BPMSU
082 #4 - NÚMERO DE CLASIFICACIÓN DECIMAL DE DEWEY
Classification number 071.3
Item number k88e
100 1# - ASIENTO PRINCIPAL -- NOMBRE PERSONAL
Nombre personal Kovach, Bill
240 10 - TITULO UNIFORME
Título uniforme The elements of journalism
Idioma de una obra Español
245 10 - MENCIÓN DE TITULO
Título Los elementos del periodismo /
Mención de responsabilidad Bill Kovach y Tom Rosenstiel ; traducción̤ Amado Diéguez Rodríguez.
260 ## - PUBLICACIÓN, DISTRIBUCIÓN, ETC. (PIE DE IMPRENTA)
Lugar de publicación, distribución, etc Bogotá :
Nombre del editor, distribuidor, etc. Ediciones El Pais,
Fecha de publicación, distribución, etc 2004.
300 ## - DESCRIPCIÓN FÍSICA
Extensión 284 p. ;
Dimensiones 24 cm.
500 ## - NOTA GENERAL
Nota general Incluye datos de los autores en la solapa de la cubierta
650 #4 - ENCABEZAMIENTO DE MATERIA--TEMÁTICO
Término temático o nombre geográfico como elemento de entrada ÉTICA PERIODISTICA
650 #4 - ENCABEZAMIENTO DE MATERIA--TEMÁTICO
Término temático o nombre geográfico como elemento de entrada PERIODISMO
Subdivisión geográfica ESTADOS UNIDOS
700 12 - ASIENTO SECUNDARIO -- NOMBRE PERSONAL
Nombre personal Rosenstiel, Tom
700 12 - ASIENTO SECUNDARIO -- NOMBRE PERSONAL
Nombre personal Diéguez Rodriguez, Amado,
Mención de responsabilidad tr.
910 ## - VALIDACIÓN
Validación Validado.Control de calidad MFF
942 ## - ADDED ENTRY ELEMENTS (KOHA)
Source of classification or shelving scheme Dewey Decimal Classification
Koha item type Libros
945 ## - INFORMACIÓN DE PROCESAMIENTO LOCAL
Información de procesamiento local Inventariado, 2017/MFF
956 ## - LOCAL ELECTRONIC LOCATION AND ACCESS (OCLC)
Método de acceso LOPEREZ
Materiales especificados 10
Enlace 20160904
Campo enlazado y núm. de secuencia BPMSU
Nombre de host 00041
Existencias
Withdrawn status Lost status Source of classification or shelving scheme Damaged status Not for loan Collection code Home library Current library Date acquired Source of acquisition Total Checkouts Full call number Barcode Date last seen Price effective from Koha item type Copy number
    Dewey Decimal Classification     Colección General Biblioteca Pública Metropolitana Salomé Ureña Biblioteca Pública Metropolitana Salomé Ureña 09/05/2016 Alfaguara   071.3 k88e BPMSU16090100 09/05/2016 09/05/2016 Libros  
    Dewey Decimal Classification     Colección General Biblioteca Pública Metropolitana Salomé Ureña Biblioteca Pública Metropolitana Salomé Ureña 09/05/2016 Alfaguara   071.3 k88e BPMSU16090138 09/05/2016 09/05/2016 Libros ej. 2
    Dewey Decimal Classification     Colección General Biblioteca Pública Metropolitana Salomé Ureña Biblioteca Pública Metropolitana Salomé Ureña 09/05/2016 Alfaguara   071.3 k88e BPMSU16090139 09/05/2016 09/05/2016 Libros ej. 3